| 000 | 00711cam a2200217 a 4500 | ||
|---|---|---|---|
| 001 | 000009861 | ||
| 005 | 20200929161733.0 | ||
| 008 | 050719s2004 ve a 000 p spa | ||
| 020 | _a9801210443 | ||
| 040 |
_aDO-SdBNP _cDLC |
||
| 082 |
_aV861.44 _bY22ó |
||
| 100 | 1 |
_aYánez Marín, Elías José, _d1973- _924797 |
|
| 245 | 1 | 0 |
_aOración a la mujer de galleta / _cElías José Yánez Marín ; prólogo de Javier Vidal. |
| 260 |
_aMadrid : _bContemporanea, _c2004. |
||
| 300 |
_a69 p. : _bil. ; _c22 cm. |
||
| 650 | 4 |
_aPoesía venezolana _94230 |
|
| 650 | 4 |
_aPoesía amorosa _99227 |
|
| 650 | 4 |
_aSentimientos _xPoesías _924798 |
|
| 700 | 1 |
_aVidal, Javier, _eprol. _924799 |
|
| 910 | _aCatalogación por copia / LC | ||
| 999 |
_c9620 _d9620 |
||